Elementos de matemáticas para economistas y estadígrafos / (Record no. 187106)

MARC details
000 -LEADER
campo de control de longitud fija 00913nam a2200253 i 4500
001 - NÚMERO DE CONTROL
campo de control 187106
003 - IDENTIFICADOR DE NÚMERO DE CONTROL
campo de control ES-MaACL
005 - FECHA Y HORA DE LA ÚLTIMA TRANSACCIÓN
campo de control 20250903024958.0
008 - DATOS DE LONGITUD FIJA--INFORMACIÓN GENERAL
campo de control de longitud fija 170417s1959 mx d |||| | spa d
100 1# - ENTRADA PRINCIPAL--NOMBRE DE PERSONA
Nombre de persona Crum, W. L.
9 (RLIN) 162390
245 10 - MENCIÓN DEL TÍTULO
Título Elementos de matemáticas para economistas y estadígrafos /
Mención de responsabilidad, etc. por W.L. Crum y J.A. Schumpeter ; [traducción de Cristóbal Lara Beautell].
250 ## - MENCION DE EDICION
Mención de edición 2ª ed. en español.
260 ## - PUBLICACIÓN, DISTRIBUCIÓN, ETC.
Lugar de publicación, distribución, etc. México :
Nombre del editor, distribuidor, etc. Fondo de Cultura Económica,
Fecha de publicación, distribución, etc. 1959.
300 ## - DESCRIPCIÓN FÍSICA
Extensión 183 p. :
Otras características físicas gráf. ;
Dimensiones 22 cm.
490 1# - MENCIÓN DE SERIE
Mención de serie Obras de economía
500 ## - NOTA GENERAL
Nota general Índice.
650 07 - PUNTO DE ACCESO ADICIONAL DE MATERIA--TÉRMINO DE MATERIA
Término de materia o nombre geográfico como elemento de entrada Análisis matemático
Fuente del encabezamiento o término embne
9 (RLIN) 9772
650 #7 - PUNTO DE ACCESO ADICIONAL DE MATERIA--TÉRMINO DE MATERIA
Término de materia o nombre geográfico como elemento de entrada Matemáticas financieras
Fuente del encabezamiento o término embne
9 (RLIN) 151789
700 1# - ENTRADA AGREGADA--NOMBRE PERSONAL
Nombre de persona Schumpeter, Joseph A.,
Fechas asociadas al nombre 1883-1950
9 (RLIN) 104815
700 1# - ENTRADA AGREGADA--NOMBRE PERSONAL
Nombre de persona Lara Beautell, Cristóbal.
9 (RLIN) 140611
830 0# - PUNTO DE ACCESO ADICIONAL DE SERIE-TÍTULO UNIFORME
Título uniforme Obras de economía
9 (RLIN) 192739
852 ## - LOCALIZACIÓN
Ubicación ES-MaACL
Número de control de estantería L-31428
Holdings
Estatus retirado Estado de pérdida Estado de daño No para préstamo Biblioteca de origen Biblioteca actual Ubicación en estantería Fecha de adquisición Fuente de adquisición Total de préstamos Signatura topográfica completa Código de barras Visto por última vez Precio de reemplazo Tipo de ítem Koha
        Biblioteca del Ateneo de Madrid Biblioteca del Ateneo de Madrid Depósito 2 17/04/2017     L-31428 1197394 23/02/2023 23/02/2023 Libro impreso